Melanie Martinez Crybaby (Deluxe Album) - Statistics

General Stats
  • This quiz has been taken 642 times
    556 since last reset
  • The average score is 14 of 16
Answer Stats
Track # Song Title % Correct
1 Cry Baby
99%
2 Dollhouse
96%
10 Milk and Cookies
92%
9 Tag, You're It
92%
3 Sippy Cup
91%
8 Pity Party
90%
4 Carousel
89%
6 Soap
89%
7 Training Wheels
89%
13 Mad Hatter
88%
5 Alphabet Boy
87%
12 Mrs. Potato Head
87%
11 Pacify Her
87%
16 Cake
86%
14 Play Date
83%
15 Teddy Bear
83%
No matching quizzes found
Score Distribution
Percent of People with Each Score
Percentile by Number Answered
Your Score History
You have not taken this quiz since the last reset